Radical pedagogies.

Gardado en:
Detalles Bibliográficos
Autor Principal: Colomina, Beatriz (editora)
Outros autores: Galán, Ignacio G (Editor), Kotsioris, Evangelos (Editor), Meister, Anna-Maria (Editor)
Formato: Unknown
Publicado: Cambridge, Massachusetts, United States; London, England, The MIT Press, 2022.
Subjects:
Tags: Engadir etiqueta
Sen Etiquetas, Sexa o primeiro en etiquetar este rexistro!

MARC

LEADER 00000 a2200000 4500
003 CL-VaPUC
005 20220905082727.0
008 220830t2022 ||||| |||| 00| 0 eng d
999 |c 438459  |d 438457 
020 |a 9780262543385 
040 |c Pontificia Universidad Católica de Valparaíso 
082 7 |a 720.71 COL 2022  |2 22 
100 |a Colomina, Beatriz  |9 875866  |e editora 
245 |a Radical pedagogies. 
260 |a Cambridge, Massachusetts, United States;  |a London, England,   |b The MIT Press,  |c 2022. 
300 |a 414 páginas.  
583 |k Cristina María Rojas Aguilar  |c 20220830 
650 |a Arquitectura  |x Estudio y enseñanza   |9 870307 
650 |a Enseñanza creativa   |9 876057 
700 |a Galán, Ignacio G  |e editor  |9 876058 
700 |a Kotsioris, Evangelos  |e editor  |9 876059 
700 |a Meister, Anna-Maria  |e editor  |9 876060 
942 |2 ddc  |c BK 
952 |0 0  |1 0  |2 ddc  |4 0  |6 720_710000000000000_COL_2022  |7 0  |8 A  |9 586480  |a BIBARQ  |b BIBARQ  |c GEN  |d 2022-08-29  |e 1  |g 54162.00  |i 5654308  |o 720.71 COL 2022  |p 5654308  |r 2025-01-20  |t 1  |v 54162.00  |w 2022-08-29  |y BK  |k ARQ